Simple probability model of the advertisement penetration

Na minha lista:
Detalhes bibliográficos
Autor principal: Horáková, Galina
Outros Autores: Kozubík, Aleš
Formato: Capítulo de Livro
Idioma:inglês
Tags: Adicionar Tag
Sem tags, seja o primeiro a adicionar uma tag!

MARC

LEADER 00000naa a2200000 4500
001 0124513
005 20240502072417.3
041 0 |a eng 
044 |a SK 
245 1 0 |a Simple probability model of the advertisement penetration  |c Galina Horáková, Aleš Kozubík 
100 1 |a Horáková, Galina 
700 1 |a Kozubík, Aleš